[Event "Lleida Province-ch"]
[Site "Lleida"]
[Date "2012.11.04"]
[Round "6"]
[White "Rodon Balcells, Jaume"]
[Black "Roig Olivart, Angel"]
[Result "1-0"]
[WhiteElo "1886"]
[BlackElo "1968"]
[PlyCount "51"]
[EventDate "2012.10.07"]
[EventType "swiss"]
[EventRounds "9"]
[EventCountry "ESP"]
[SourceTitle "EXT 2015"]
[Source "ChessBase"]
[SourceDate "2014.11.20"]
[SourceVersion "1"]
[SourceVersionDate "2014.11.20"]
[SourceQuality "1"]

1. e4 c5 2. Nf3 Nc6 3. Nc3 d6 4. Bc4 Nf6 5. 0-0 Bg4 6. h3 Bxf3 7. Qxf3 Nd4 8. Qd1 e6 9. Re1 a6 10. a4 Be7 11. Ne2 Nxe2+ 12. Qxe2 0-0 13. d3 d5 14. exd5 Nxd5 15. Qe4 Bf6 16. c3 Qd7 17. a5 Rac8 18. Bd2 Rfd8 19. Re2 Qc6 20. Rae1 Qc7 21. Bxd5 Qd6 22. Bxb7 Rb8 23. Bf4 e5 24. Bxe5 Bxe5 25. Qxe5 Rxb7 26. Qxd6 1-0